|
|
|
|
| LEADER |
01299nam a2200253 a 4500 |
| 001 |
3587995 |
| 008 |
090712r19701967nyu b 000 0 eng d |
| 010 |
|
|
|a \\66026100
|
| 020 |
|
|
|a 0415045576
|
| 040 |
|
|
|a DLC
|c DLC
|d DLC
|
| 050 |
0 |
0 |
|a PR83
|b .B3 1967
|
| 082 |
0 |
0 |
|a 820.9
|2 17
|
| 245 |
1 |
2 |
|a A literary history of England /
|c edited by Albert C. Baugh.
|
| 250 |
|
|
|a 2d ed.
|
| 260 |
|
|
|a New York,
|b Appleton-Century-Crofts
|c 1967 [reprinted 1970]
|
| 300 |
|
|
|a 4 v. ;
|c 24 cm.
|
| 504 |
|
|
|a Includes bibliographical references and index.
|
| 541 |
1 |
|
|e 00016596
|
| 505 |
0 |
|
|a v. 1. The Middle Ages: the Old English period (to 1100) by K. Malone. The Middle English period (1100-1500) by A. C. Baugh.--v. 2. The Renaissance (1500-1660) by T. Brooke & M. A. Shaaber.--v. 3. The Restoration and eighteenth century (1660-1789) by G. Sherburne & D. F. Bond.--v. 4. The nineteenth century and after (1789-1939) by S. C. Chew & R. D. Altick.
|
| 650 |
|
0 |
|a English literature
|x History and criticism.
|
| 700 |
1 |
|
|a Baugh, Albert C.
|q (Albert Croll),
|d 1891-1981,
|e ed.
|
| 852 |
4 |
|
|a Ayesha Abed Library
|j General shelf
|
| 999 |
|
|
|c 2269
|d 2269
|
| 952 |
|
|
|0 0
|1 0
|2 ddc
|4 0
|6 820_900000000000000_BAU_1994
|7 0
|9 2093
|a BRACUL
|b BRACUL
|c GEN
|d 2009-07-12
|g 800.00
|l 1
|o 820.9 BAU
|p 3010016596
|r 2015-05-20
|s 2015-05-20
|t 1
|v 1600.00
|w 2009-07-12
|y BK
|